3 Largest cities in UK,US,Germany,France&Italy: start with B - Statistics

General Stats
  • This quiz has been taken 62 times
  • The average score is 9 of 15
Answer Stats
Hint Answer % Correct
Germany Berlin
96%
USA Boston
89%
UK Birmingham
86%
Italy Bologna
82%
France Bordeaux
81%
Italy Bari
79%
Germany Bremen
58%
USA Baltimore
56%
UK Bristol
49%
France Brest
47%
UK Bradford
40%
Italy Brescia
39%
Germany Bochum
37%
USA Bakersfield
23%
France Besancon
14%
No matching quizzes found
Score Distribution
Percent of People with Each Score
Percentile by Number Answered
Your Score History
You have not taken this quiz